| 000 | 00848nam a2200217Ia 4500 | ||
|---|---|---|---|
| 999 |
_c40164 _d40164 |
||
| 001 | 6770 | ||
| 003 | GE_BSU | ||
| 005 | 20200108122624.0 | ||
| 008 | 181216s||||||||xx |||||||||||||| ||und|| | ||
| 040 | _cGE_BSU | ||
| 041 | _ageo | ||
| 080 | _a821.353.1-1 გ-51 | ||
| 100 |
_aგიორგაძე, ქეთევან. _96009 |
||
| 245 |
_aეჰეი უპოვარნო : _bლექსები / _cქეთევან გიორგაძე ; რედ. ზ. ფირცხალაიშვილი. |
||
| 264 |
_aბათუმი : _bსაბჭ.აჭარა, _c1990. |
||
| 300 |
_a37 გვ. ; _c17 სმ. |
||
| 653 | _aეჰეი უპოვარნო | ||
| 653 | _aლექსები | ||
| 700 |
_aფირცხალაიშვილი, ზ. _eრედაქტორი _93678 |
||
| 942 |
_cBK _2udc |
||